L'origine de la géométrie / (Record no. 81558)

MARC details
000 -LEADER
campo de control de longitud fija 00691nam a2200229 i 4500
001 - NÚMERO DE CONTROL
campo de control 81558
003 - IDENTIFICADOR DE NÚMERO DE CONTROL
campo de control ES-MaACL
005 - FECHA Y HORA DE LA ÚLTIMA TRANSACCIÓN
campo de control 20230906174449.0
007 - CAMPO FIJO DE DESCRIPCIÓN FÍSICA--INFORMACIÓN GENERAL
campo de control de longitud fija t|
008 - DATOS DE LONGITUD FIJA--INFORMACIÓN GENERAL
campo de control de longitud fija 041105s1974 fr |||| | fre d
100 1# - ENTRADA PRINCIPAL--NOMBRE DE PERSONA
Nombre de persona Husserl, Edmund.
9 (RLIN) 64818
245 12 - MENCIÓN DEL TÍTULO
Título L'origine de la géométrie /
Mención de responsabilidad, etc. Edmund Husserl ; traduction et introduction par Jacques Derrida.
250 ## - MENCION DE EDICION
Mención de edición [2eme ed. rev.].
260 ## - PUBLICACIÓN, DISTRIBUCIÓN, ETC.
Lugar de publicación, distribución, etc. Paris :
Nombre del editor, distribuidor, etc. Presses Universitaires de France,
Fecha de publicación, distribución, etc. 1974.
300 ## - DESCRIPCIÓN FÍSICA
Extensión 219 p. ;
Dimensiones 18 cm.
490 1# - MENCIÓN DE SERIE
Mención de serie Epiméthée
650 #4 - PUNTO DE ACCESO ADICIONAL DE MATERIA--TÉRMINO DE MATERIA
Término de materia o nombre geográfico como elemento de entrada Geometría-
Subdivisión general Historia.
9 (RLIN) 143639
700 1# - ENTRADA AGREGADA--NOMBRE PERSONAL
Nombre de persona Derrida, Jacques.
9 (RLIN) 43797
830 0# - PUNTO DE ACCESO ADICIONAL DE SERIE-TÍTULO UNIFORME
Título uniforme Epiméthée
9 (RLIN) 179541
852 ## - LOCALIZACIÓN
Ubicación ES-MaACL
Número de control de estantería L-11502
Holdings
Estatus retirado Estado de pérdida Estado de daño No para préstamo Biblioteca de origen Biblioteca actual Ubicación en estantería Fecha de adquisición Fuente de adquisición Total de préstamos Signatura topográfica completa Código de barras Visto por última vez Precio de reemplazo Tipo de ítem Koha
        Biblioteca del Ateneo de Madrid Biblioteca del Ateneo de Madrid Depósito 2 17/01/2008     L-11502 1085253 23/02/2023 23/02/2023 Libro impreso